000 00382 a2200169 4500
001 169714
020 _a85-08-07223-6
040 _cMagnum
100 _aBrezina, Thomas
240 1 0 _aVamos salvar a baleia!
_lpor
245 1 0 _aVamos salvar a baleia!
300 _a111
362 0 _a1999
440 1 _aÁtica
697 _aLITERATURA INFANTO-JUVENIL ESTRANGEIRA
942 _cBK
999 _c169714
_d169714